000
00288nam a22001337a 4500
008
180117b xxu||||| |||| 00| 0 eng d
020
_a
9780061002458
041
_a
eng
080
_a
038
100
_a
23
101
_a
FJA
245
_a
Spanish dictionary
_c
Collins,H
942
_2
udc
_c
BK
999
_c
40436
_d
40436